[Event "PRO League Group Stage"]
[Site "chess.com INT"]
[Date "2018.02.03"]
[Round "4"]
[White "Caruana, Fabiano"]
[Black "Gabuzyan, Hovhannes"]
[Result "1-0"]
[WhiteTitle "GM"]
[BlackTitle "GM"]
[WhiteElo "2811"]
[BlackElo "2571"]
[WhiteTeam "Saint Louis Arch Bishops"]
[BlackTeam "Rio Grande Ospreys"]
[WhiteFideId "2020009"]
[BlackFideId "13303732"]
[EventDate "2018.01.18"]

1. d4 Nf6 2. Nf3 c6 3. Bf4 g6 4. Nbd2 Bg7 5. c3 O-O 6. e4 d6 7. Be2 Nbd7 8. O-O
Re8 9. h3 e5 10. dxe5 Nxe5 11. Nxe5 dxe5 12. Be3 Be6 13. a4 Qc7 14. a5 Bf8 15.
Qc2 Nd7 16. b4 c5 17. Qb2 b6 18. a6 c4 19. Rfd1 Rad8 20. Nf3 Nf6 21. Qc2 h6 22.
Nh2 Rxd1+ 23. Rxd1 Rd8 24. Rxd8 Qxd8 25. Ng4 Nxg4 26. Bxg4 Bxg4 27. hxg4 Qc8 28.
Qa4 Qxg4 29. Bxb6 h5 30. Bxa7 h4 31. f3 Qg5 32. Qc2 h3 33. Bb6 Qh4 34. Qf2 Qe7
35. a7 Qb7 36. gxh3 Qa6 37. Ba5 Qc8 38. Kg2 Bh6 39. Qc5 Qe8 40. Qd5 1-0

[Event "PRO League Group Stage"]
[Site "chess.com INT"]
[Date "2018.02.03"]
[Round "4"]
[White "Caruana, Fabiano"]
[Black "Dreev, Aleksey"]
[Result "1/2-1/2"]
[WhiteTitle "GM"]
[BlackTitle "GM"]
[WhiteElo "2811"]
[BlackElo "2653"]
[WhiteTeam "Saint Louis Arch Bishops"]
[BlackTeam "San Diego Surfers"]
[WhiteFideId "2020009"]
[BlackFideId "4100107"]
[EventDate "2018.01.18"]

1. e4 c6 2. d4 d5 3. exd5 cxd5 4. Nf3 Nc6 5. Bb5 Bg4 6. h3 Bxf3 7. Qxf3 a6 8.
Bxc6+ bxc6 9. O-O Nf6 10. c4 g6 11. Nc3 Bg7 12. Bf4 O-O 13. Rad1 Qa5 14. Rfe1
Rfe8 15. Be5 Rad8 16. a3 dxc4 17. Qxc6 Nd5 18. Qxc4 Nxc3 19. Qxc3 Qxc3 20. bxc3
Rc8 21. Rd3 Rc4 22. Bd6 Bf8 23. d5 a5 24. g4 Rec8 25. Bxe7 Bxe7 26. Rxe7 Rxc3
27. Ree3 Rxd3 28. Rxd3 Kg7 29. d6 Kf6 30. Rd5 Ke6 31. Rxa5 Kxd6 32. Kg2 Rc3 33.
f3 h6 34. h4 Ke6 35. a4 Ra3 36. h5 gxh5 37. gxh5 f6 38. Kg3 Ra1 39. Ra8 Kf5 40.
Ra6 Rg1+ 41. Kf2 Ra1 42. a5 Kg5 43. Ra8 Kf4 44. Ke2 Ra2+ 45. Kd3 Kxf3 46. Kc4 f5
47. Kb5 Kg4 48. Rf8 Kxh5 49. Rxf5+ Kg4 50. Rc5 h5 51. Rc4+ Kg3 52. Ra4 Rb2+ 53.
Kc5 Rb8 54. a6 Ra8 55. Kb6 h4 56. Kb7 Rxa6 57. Kxa6 h3 58. Ra3+ Kg2 59. Rxh3
Kxh3 1/2-1/2

[Event "PRO League Group Stage"]
[Site "chess.com INT"]
[Date "2018.02.03"]
[Round "4"]
[White "Ynojosa Aponte, Felix Jose"]
[Black "Blit, Jacques"]
[Result "1-0"]
[WhiteTitle "IM"]
[BlackTitle "IM"]
[WhiteElo "2387"]
[BlackElo "2374"]
[WhiteTeam "Rio Grande Ospreys"]
[BlackTeam "Buenos Aires Krakens"]
[WhiteFideId "3900258"]
[BlackFideId "114839"]
[EventDate "2018.01.18"]

1. c4 f5 2. Nc3 Nf6 3. g3 g6 4. Bg2 Bg7 5. Nf3 O-O 6. O-O d6 7. d3 e5 8. Rb1 h6
9. b4 g5 10. Qb3 Kh8 11. c5 Nc6 12. e3 d5 13. b5 e4 14. bxc6 exf3 15. cxb7 Bxb7
16. Bxf3 Bc6 17. Ne2 Rb8 18. Qxb8 Qxb8 19. Rxb8 Rxb8 20. Nd4 Bd7 21. c6 Bc8 22.
Ba3 Kg8 23. Be7 Kf7 24. Bd8 Ba6 25. Bxc7 Rc8 26. Be5 Bxd3 27. Rd1 Be4 28. Bxe4
fxe4 29. Rb1 Bf8 30. Rb7+ Kg6 31. c7 Nd7 32. Rb8 Nb6 33. Nb5 1-0

[Event "PRO League Group Stage"]
[Site "chess.com INT"]
[Date "2018.02.03"]
[Round "4"]
[White "Ynojosa Aponte, Felix Jose"]
[Black "Checa, Nicolas"]
[Result "0-1"]
[WhiteTitle "IM"]
[BlackTitle "IM"]
[WhiteElo "2387"]
[BlackElo "2486"]
[WhiteTeam "Rio Grande Ospreys"]
[BlackTeam "Montclair Sopranos"]
[WhiteFideId "3900258"]
[BlackFideId "2069342"]
[EventDate "2018.01.18"]

1. c4 e6 2. Nc3 d5 3. d4 Nf6 4. cxd5 exd5 5. Bg5 c6 6. Qc2 Be7 7. e3 O-O 8. Bd3
h6 9. Bh4 Re8 10. Nge2 Nbd7 11. O-O Nf8 12. f3 Ne6 13. Bf2 c5 14. Bb5 Bd7 15.
Bxd7 Qxd7 16. dxc5 Bxc5 17. Rad1 Rac8 18. Rd2 Bb6 19. Rfd1 Nc7 20. Nd4 Bxd4 21.
Rxd4 Nb5 22. R4d3 Nxc3 23. Rxc3 Rxc3 24. Qxc3 Rc8 25. Qb3 Qc6 26. Bh4 g5 27. Bg3
Qc2 28. Be5 Qxb3 29. axb3 Nd7 30. Bd4 Kf8 31. Bc3 Nb6 32. g4 Ke7 33. Kf2 Ke6 34.
Kg3 Nd7 35. f4 Nc5 36. f5+ Kd6 37. Bb4 Ke5 38. Bc3+ Kd6 39. Bb4 a5 40. Bxc5+
Rxc5 41. e4 Ke5 42. exd5 Rxd5 43. Re1+ Kf6 44. Re3 Rd2 45. h3 Rxb2 46. Kf3 b5
47. Ke4 a4 48. bxa4 bxa4 49. Ra3 Rb4+ 50. Kd5 h5 51. gxh5 Kxf5 52. Kd6 Kf6 53.
Kd5 Kg7 54. Ke5 Rf4 55. h4 Rxh4 56. Kf5 f6 57. Rc3 Rf4+ 58. Ke6 Kh6 59. Rh3 g4
60. Rh1 a3 61. Rh2 g3 62. Rg2 Rf3 63. Kd5 Kxh5 64. Ke4 Rb3 65. Kf5 Kh4 66. Rg1
Kh3 67. Kf4 g2 0-1

[Event "PRO League Group Stage"]
[Site "chess.com INT"]
[Date "2018.02.03"]
[Round "4"]
[White "Ynojosa Aponte, Felix Jose"]
[Black "Mitkov, Nikola"]
[Result "0-1"]
[WhiteTitle "IM"]
[BlackTitle "GM"]
[WhiteElo "2387"]
[BlackElo "2461"]
[WhiteTeam "Rio Grande Ospreys"]
[BlackTeam "Minnesota Blizzard"]
[WhiteFideId "3900258"]
[BlackFideId "15000290"]
[EventDate "2018.01.18"]

1. c4 e5 2. Nc3 Bb4 3. e3 Bxc3 4. bxc3 d6 5. Ne2 Ne7 6. Ng3 O-O 7. d4 f5 8. Bd3
c5 9. O-O Nbc6 10. d5 Na5 11. f3 b6 12. Qe2 Qd7 13. a4 Ba6 14. e4 f4 15. Nh1 Kf7
16. g3 g5 17. Nf2 h5 18. Kh1 Rg8 19. Ra2 Rg7 20. Rg1 Rag8 21. Bd2 Ke8 22. Be1
Kd8 23. g4 Rh7 24. gxh5 Rxh5 25. Ng4 Rg6 26. Qf1 Kc7 27. Bf2 Bc8 28. Be1 Qe8 29.
Bf2 Qh8 30. Be1 Ng8 31. Rb2 Nf6 32. Nxf6 Qxf6 33. h4 gxh4 34. Rxg6 Qxg6 35. Rg2
Rg5 36. Bxh4 Rxg2 37. Qxg2 Qxg2+ 38. Kxg2 Bd7 39. Bc2 Nxc4 40. Kf2 a5 41. Ke2
Nb2 42. Kd2 Bxa4 43. Bxa4 Nxa4 44. c4 b5 45. cxb5 Nb6 46. Kc3 a4 47. Bf2 Nc8 48.
Bh4 Na7 49. Kc4 a3 50. b6+ Kxb6 51. Bd8+ Kb7 52. Kb3 Nb5 53. Ba5 Nd4+ 54. Kxa3
Nxf3 55. Kb2 Ng5 56. Kc2 Nxe4 57. Kd3 Nf6 58. Kc4 f3 59. Kd3 Nxd5 60. Be1 Kc6
61. Ke4 c4 62. Kxf3 Nf6 63. Bh4 Nd7 64. Ke4 d5+ 65. Ke3 d4+ 66. Ke4 Kb5 67. Be7
c3 68. Kd3 Ka4 0-1

[Event "PRO League Group Stage"]
[Site "chess.com INT"]
[Date "2018.02.03"]
[Round "4"]
[White "Caruana, Fabiano"]
[Black "Nakamura, Hikaru"]
[Result "0-1"]
[WhiteTitle "GM"]
[BlackTitle "GM"]
[WhiteElo "2811"]
[BlackElo "2781"]
[WhiteTeam "Saint Louis Arch Bishops"]
[BlackTeam "Seattle Sluggers"]
[WhiteFideId "2020009"]
[BlackFideId "2016192"]
[EventDate "2018.01.18"]

1. d4 Nf6 2. Nf3 b6 3. Bf4 Bb7 4. e3 Nh5 5. Bg5 h6 6. Bh4 g5 7. Bg3 Nxg3 8. hxg3
Bg7 9. Bd3 e6 10. Nbd2 d6 11. Qe2 Nd7 12. c3 a6 13. a4 Qe7 14. Be4 c6 15. b4 f5
16. Bd3 d5 17. O-O O-O 18. Nb3 Rfc8 19. Rab1 h5 20. c4 Bf6 21. Rfc1 g4 22. Nfd2
Kg7 23. cxd5 cxd5 24. Rxc8 Bxc8 25. a5 b5 26. Nf1 Bb7 27. Rc1 Qd8 28. Qb2 Be7
29. Qd2 Rc8 30. Rxc8 Qxc8 31. f4 Qf8 32. Nc5 Nxc5 33. bxc5 Bd8 34. Qc3 Qe7 35.
Nd2 h4 36. Kf1 hxg3 37. Ke1 Bc6 38. Nb3 Qh4 39. Bf1 Qh1 40. Qd3 Qg1 41. Kd1 Be8
42. Qe2 b4 43. Qxa6 Ba4 44. Kc2 Qxe3 45. Qd3 Qxd3+ 46. Bxd3 Bxa5 47. Kb2 Bc7 48.
Nc1 Bxf4 49. Ne2 Be3 0-1

[Event "PRO League Group Stage"]
[Site "chess.com INT"]
[Date "2018.02.03"]
[Round "4"]
[White "Hansen, Eric"]
[Black "Xiong, Jeffery"]
[Result "1/2-1/2"]
[WhiteTitle "GM"]
[BlackTitle "GM"]
[WhiteElo "2629"]
[BlackElo "2634"]
[WhiteTeam "Montreal Chessbrahs"]
[BlackTeam "Dallas Destiny"]
[WhiteFideId "2606771"]
[BlackFideId "2047640"]
[EventDate "2018.01.18"]

1. e4 c5 2. Nf3 d6 3. Bb5+ Nd7 4. a4 a6 5. Bxd7+ Bxd7 6. a5 e6 7. O-O Ne7 8. d4
cxd4 9. Nxd4 d5 10. exd5 Nxd5 11. Nd2 Bb4 12. c4 Nf6 13. Qb3 Qe7 14. Nc2 Bc5 15.
Qxb7 O-O 16. b4 Rfb8 17. Qf3 Bxb4 18. Nxb4 Qxb4 19. h3 Rc8 20. Qa3 Qb8 21. Bb2
Qf4 22. Qc3 Bc6 23. Rfe1 1/2-1/2

[Event "PRO League Group Stage"]
[Site "chess.com INT"]
[Date "2018.02.03"]
[Round "4"]
[White "Hansen, Eric"]
[Black "Mamedyarov, Shakhriyar"]
[Result "0-1"]
[WhiteTitle "GM"]
[BlackTitle "GM"]
[WhiteElo "2629"]
[BlackElo "2804"]
[WhiteTeam "Montreal Chessbrahs"]
[BlackTeam "San Jose Hackers"]
[WhiteFideId "2606771"]
[BlackFideId "13401319"]
[EventDate "2018.01.18"]

1. e4 e5 2. Nf3 Nc6 3. Bb5 a6 4. Ba4 d6 5. O-O Bd7 6. c4 g5 7. Bxc6 bxc6 8. d4
g4 9. Ne1 exd4 10. Qxd4 Qf6 11. Qd2 Bg7 12. Nc3 Ne7 13. Nd3 Ng6 14. Qe2 Be6 15.
c5 Bc4 16. Qc2 O-O 17. Rd1 Rab8 18. Be3 d5 19. Na4 Rfe8 20. exd5 cxd5 21. b3 Bb5
22. Nab2 d4 23. Bd2 Bc6 24. Re1 Nh4 25. Rxe8+ Rxe8 26. Re1 Rxe1+ 27. Nxe1 Nxg2 0-1

[Event "PRO League Group Stage"]
[Site "chess.com INT"]
[Date "2018.02.03"]
[Round "4"]
[White "Hansen, Eric"]
[Black "Miroshnichenko, Evgenij"]
[Result "1-0"]
[WhiteTitle "GM"]
[BlackTitle "GM"]
[WhiteElo "2629"]
[BlackElo "2606"]
[WhiteTeam "Montreal Chessbrahs"]
[BlackTeam "Australia Kangaroos"]
[WhiteFideId "2606771"]
[BlackFideId "14102595"]
[EventDate "2018.01.18"]

1. e4 d6 2. d4 Nf6 3. Nc3 e5 4. Nf3 Nbd7 5. Bc4 Be7 6. a4 O-O 7. O-O a5 8. Re1
exd4 9. Nxd4 c6 10. Nf5 Ne5 11. Nxe7+ Qxe7 12. Be2 Ng6 13. Bf1 Qe5 14. f3 Re8
15. Be3 Be6 16. Qd2 d5 17. Bd4 Qf4 18. Qxf4 Nxf4 19. g3 N4h5 20. Kf2 dxe4 21.
Nxe4 Nxe4+ 22. Rxe4 Nf6 23. Re5 Nd7 24. Re3 Bf5 25. Rb3 c5 26. Be3 b6 27. Rc1
Be6 28. Rd3 Ne5 29. Rd6 Bc4 30. Bh3 Be6 31. Bf1 Bc4 32. Bg2 Rab8 33. Rcd1 f6 34.
h3 Bf7 35. b3 c4 36. f4 Ng6 37. bxc4 Bxc4 38. Rb1 b5 39. Bc6 bxa4 40. Ra1 Red8
41. Rxd8+ Rxd8 42. Rxa4 Bd5 43. Bb5 Ne7 44. Rxa5 Nf5 45. Bb6 Rb8 46. Ba7 Rc8 47.
c4 Be4 48. Bd7 Rc7 49. Be6+ Kf8 50. c5 Nd4 51. Ke3 Nc6 52. Ra3 Nxa7 53. Kxe4 Nb5
54. Ra8+ Ke7 55. Bg8 Rxc5 56. Bxh7 Nd6+ 57. Kf3 Rc3+ 58. Kg4 f5+ 59. Kh4 Kf6 60.
Rf8+ Ke7 61. Ra8 Kf6 62. Ra6 Rd3 63. g4 g6 64. Ra7 Rd4 65. g5+ Ke6 66. Bg8+ 1-0

[Event "PRO League Group Stage"]
[Site "chess.com INT"]
[Date "2018.02.03"]
[Round "4"]
[White "Caruana, Fabiano"]
[Black "Yu, Yangyi"]
[Result "1/2-1/2"]
[WhiteTitle "GM"]
[BlackTitle "GM"]
[WhiteElo "2811"]
[BlackElo "2760"]
[WhiteTeam "Saint Louis Arch Bishops"]
[BlackTeam "Chengdu Pandas"]
[WhiteFideId "2020009"]
[BlackFideId "8603820"]
[EventDate "2018.01.18"]

1. d4 Nf6 2. Nf3 d5 3. Bf4 Bf5 4. e3 e6 5. Nbd2 Bd6 6. Ne5 h6 7. g4 Bh7 8. h4
Nfd7 9. Bd3 Bxe5 10. dxe5 Bxd3 11. cxd3 c5 12. Nf3 Nc6 13. h5 Qb6 14. Qe2 O-O-O
15. O-O Kb8 16. Bg3 a6 17. Rfc1 Ka8 18. Rc3 Rc8 19. Rac1 Rhg8 20. d4 Ne7 21. Bh4
g5 22. Bg3 c4 23. b3 cxb3 24. axb3 Rxc3 25. Rxc3 Nc6 26. Qc2 Rh8 27. Ne1 Qb5 28.
Nd3 Ka7 29. Kg2 Rc8 30. f4 gxf4 31. Bxf4 Rh8 32. Qf2 Qa5 33. b4 Qa1 34. Rc1 Qa3
35. b5 axb5 36. Qf1 Kb8 37. Bg3 Rf8 38. Kh3 b4 39. Ra1 Qc3 40. Rc1 Qd2 41. Bf4
Rh8 42. Qd1 Qxd1 43. Rxd1 Nb6 44. Rb1 Nc4 45. Nxb4 Nxb4 46. Rxb4 Kc7 47. e4 Kc6
48. exd5+ exd5 49. Kh4 b6 50. Rb1 Kd7 51. Rf1 b5 52. g5 hxg5+ 53. Bxg5 Rh7 54.
h6 Na3 55. Rf2 Nc4 56. Rf3 Kc6 57. Kh5 b4 58. e6 fxe6 59. Kg6 Rb7 60. h7 Rxh7
61. Kxh7 e5 62. dxe5 Nxe5 63. Rf8 Kb5 64. Rf5 Nd3 65. Rxd5+ Kc4 66. Rd8 Kc3 67.
Bf6+ Kd2 68. Rb8 Kc2 69. Rc8+ Kd2 70. Bg5+ Kd1 71. Rb8 Kc2 72. Rc8+ Kd1 73. Rd8
Kc2 74. Kg6 b3 75. Bf6 b2 76. Rc8+ Kd1 77. Rb8 Kc2 78. Bxb2 Nxb2 79. Kf5 Nd3 80.
Ke4 Nc5+ 81. Kd4 Nb3+ 82. Ke3 Kc3 83. Rc8+ Kb4 84. Kd3 Nc5+ 85. Kd4 Nb3+ 86. Kd5
Nd2 87. Rc2 Nb3 88. Rc4+ Kb5 89. Rh4 Nc5 90. Rh5 Nb3 91. Rh8 Kb4 92. Rh3 Nc5 93.
Rh4+ Kb5 1/2-1/2

[Event "PRO League Group Stage"]
[Site "chess.com INT"]
[Date "2018.02.03"]
[Round "4"]
[White "Hansen, Eric"]
[Black "Dominguez Perez, Leinier"]
[Result "1/2-1/2"]
[WhiteTitle "GM"]
[BlackTitle "GM"]
[WhiteElo "2629"]
[BlackElo "2739"]
[WhiteTeam "Montreal Chessbrahs"]
[BlackTeam "Las Vegas Desert Rats"]
[WhiteFideId "2606771"]
[BlackFideId "3503240"]
[EventDate "2018.01.18"]

1. e4 e5 2. Nf3 Nc6 3. Bb5 Nf6 4. O-O Nxe4 5. Qe2 Ng5 6. Bxc6 dxc6 7. Qxe5+ Ne6
8. Re1 Be7 9. Nc3 O-O 10. d3 b6 11. Ne4 Re8 12. Bd2 c5 13. Bc3 Bb7 14. Qg3 Nd4
15. Nxd4 cxd4 16. Bd2 c5 17. Bh6 Bf6 18. Nd6 Rxe1+ 19. Rxe1 Qd7 20. h4 Bd5 21.
Bg5 Bxg5 22. hxg5 Rd8 23. Re5 Bxa2 24. b3 Bb1 25. Ne4 Kh8 26. Qh4 Re8 27. Qh3
Qc6 28. Nd6 Rf8 29. g6 fxg6 30. Qe6 Qc7 31. Nf7+ Kg8 32. Nh6+ Kh8 33. Nf7+ Kg8
34. Nh6+ Kh8 35. Nf7+ Kg8 36. Nh6+ Kh8 37. Nf7+ Kg8 38. Ng5+ Kh8 39. Nf7+ 1/2-1/2

[Event "PRO League Group Stage"]
[Site "chess.com INT"]
[Date "2018.02.03"]
[Round "4"]
[White "Bora, Safal"]
[Black "Chu, Ruotong"]
[Result "1-0"]
[WhiteTitle "IM"]
[WhiteElo "2370"]
[BlackElo "2267"]
[WhiteTeam "Pittsburgh Pawngrabbers"]
[BlackTeam "Chengdu Pandas"]
[WhiteFideId "2066149"]
[BlackFideId "8605653"]
[EventDate "2018.01.18"]

1. Nf3 Nf6 2. g3 g6 3. Bg2 Bg7 4. c4 c6 5. d4 d5 6. cxd5 cxd5 7. Nc3 Ne4 8. Qb3
Nxc3 9. bxc3 O-O 10. h4 h6 11. Nd2 e6 12. Ba3 Re8 13. e4 dxe4 14. Nxe4 Bf8 15.
h5 g5 16. Bxf8 Rxf8 17. O-O Qb6 18. Qc2 f5 19. Nc5 Nd7 20. Rab1 Qd6 21. Nxb7 Qc7
22. Nc5 Nxc5 23. Bxa8 Ba6 24. Rfd1 Nb7 25. Qb3 Qf7 26. Bxb7 Rb8 27. Bxa6 Rxb3
28. Rxb3 Qxh5 29. Re1 Kf7 30. Bc4 1-0

[Event "PRO League Group Stage"]
[Site "chess.com INT"]
[Date "2018.02.03"]
[Round "4"]
[White "Liang, Awonder"]
[Black "Mamedyarov, Shakhriyar"]
[Result "0-1"]
[WhiteTitle "GM"]
[BlackTitle "GM"]
[WhiteElo "2572"]
[BlackElo "2804"]
[WhiteTeam "Pittsburgh Pawngrabbers"]
[BlackTeam "San Jose Hackers"]
[WhiteFideId "2056437"]
[BlackFideId "13401319"]
[EventDate "2018.01.18"]

1. e4 c6 2. Nf3 d5 3. Nc3 Bg4 4. h3 Bxf3 5. Qxf3 e6 6. d3 Nd7 7. Bd2 Qb6 8.
O-O-O Bd6 9. h4 Ne7 10. h5 Be5 11. h6 g6 12. Na4 Qc7 13. Nc3 Rc8 14. Ne2 c5 15.
exd5 Nxd5 16. Qe4 O-O 17. f4 Bh8 18. g4 N7f6 19. Qf3 b5 20. Nc3 b4 21. Nxd5 Nxd5
22. f5 Qa5 23. Kb1 Nc3+ 24. Bxc3 bxc3 25. fxg6 Rb8 0-1

[Event "PRO League Group Stage"]
[Site "chess.com INT"]
[Date "2018.02.03"]
[Round "4"]
[White "Checa, Nicolas"]
[Black "Clarke, Brandon G I"]
[Result "0-1"]
[WhiteTitle "IM"]
[BlackTitle "FM"]
[WhiteElo "2486"]
[BlackElo "2360"]
[WhiteTeam "Montclair Sopranos"]
[BlackTeam "Australia Kangaroos"]
[WhiteFideId "2069342"]
[BlackFideId "400319"]
[EventDate "2018.01.18"]

1. d4 Nf6 2. c4 g6 3. Nc3 Bg7 4. e4 d6 5. Nf3 O-O 6. Be2 e5 7. O-O Nc6 8. Be3
Ng4 9. Bg5 f6 10. Bc1 f5 11. Bg5 Qe8 12. d5 Nd8 13. Nd2 Nf6 14. f3 Nf7 15. Be3
h5 16. c5 f4 17. Bf2 g5 18. cxd6 Nxd6 19. Nc4 Bd7 20. Qb3 g4 21. Nxd6 cxd6 22.
Bh4 Qg6 23. Kh1 b6 24. Bb5 Bc8 25. Bc6 Rb8 26. Qa3 gxf3 27. gxf3 Bh3 28. Rg1 Ng4
29. Nd1 Bf6 30. Bxf6 Rxf6 31. Bd7 Rbf8 32. Bxg4 hxg4 33. Nf2 g3 34. Nxh3 Qh5 35.
Kg2 Rh6 36. hxg3 Qxh3+ 37. Kf2 Qh2+ 38. Kf1 fxg3 39. Qe3 Rf4 40. Rg2 Qh1+ 41.
Qg1 Rxf3+ 42. Ke2 Qh5 43. Kd2 Qg5+ 44. Kc2 Rhf6 45. Re1 Rf2+ 46. Re2 Rxe2+ 47.
Rxe2 Rf3 48. a3 Qg4 49. Kb1 Qf4 50. Ka2 Rf2 51. Qd1 Qf3 52. Rd2 Qxd1 53. Rxd1 g2
54. Rg1 Kf7 55. Kb3 Kf6 56. Kc3 Kg5 57. Kd3 Kf4 0-1

[Event "PRO League Group Stage"]
[Site "chess.com INT"]
[Date "2018.02.03"]
[Round "4"]
[White "Checa, Nicolas"]
[Black "Yanayt, Eugene"]
[Result "0-1"]
[WhiteTitle "IM"]
[BlackTitle "FM"]
[WhiteElo "2486"]
[BlackElo "2203"]
[WhiteTeam "Montclair Sopranos"]
[BlackTeam "Las Vegas Desert Rats"]
[WhiteFideId "2069342"]
[BlackFideId "2020165"]
[EventDate "2018.01.18"]

1. Nf3 Nf6 2. b3 d6 3. d4 g6 4. Bb2 Bg7 5. Nbd2 O-O 6. e3 Nbd7 7. Be2 c5 8. dxc5
Nxc5 9. O-O b6 10. Nd4 Bb7 11. Bf3 Qd7 12. c4 Rfd8 13. Bxb7 Qxb7 14. N2f3 d5 15.
cxd5 Rxd5 16. Qe2 Rad8 17. Rfd1 Nfe4 18. Rac1 a6 19. b4 Na4 20. Ba1 e5 21. Qc2
exd4 22. exd4 Ng5 23. Nxg5 Rxg5 24. f4 Rg4 25. h3 Rg3 26. Kh2 Ra3 27. f5 b5 28.
Qf2 Bf8 29. d5 Rxd5 30. fxg6 fxg6 31. Qf6 Bd6+ 32. Kh1 Rxh3+ 33. Kg1 Bh2+ 34.
Kf1 Rf5+ 35. Qxf5 gxf5 36. Rd8+ Kf7 37. Rc2 Re3 38. Rcd2 Qe4 39. Bd4 Qb1+ 40.
Kf2 Qe1# 0-1

[Event "PRO League Group Stage"]
[Site "chess.com INT"]
[Date "2018.02.03"]
[Round "4"]
[White "Checa, Nicolas"]
[Black "Breckenridge, Steven"]
[Result "1-0"]
[WhiteTitle "IM"]
[BlackTitle "FM"]
[WhiteElo "2486"]
[BlackElo "2312"]
[WhiteTeam "Montclair Sopranos"]
[BlackTeam "Dallas Destiny"]
[WhiteFideId "2069342"]
[BlackFideId "2043700"]
[EventDate "2018.01.18"]

1. d4 Nf6 2. c4 g6 3. Nc3 Bg7 4. e4 O-O 5. Nf3 d6 6. Be2 e5 7. O-O Nc6 8. Be3 a6
9. d5 Nb8 10. Nd2 b5 11. cxb5 axb5 12. Nxb5 c6 13. dxc6 Nxc6 14. Nc4 Ba6 15.
Ncxd6 Nd4 16. Bxd4 exd4 17. e5 Nd7 18. f4 Nxe5 19. fxe5 Bxe5 20. Nxf7 Rxf7 21.
Qb3 Qh4 22. g3 Qe4 23. Rxf7 Kh8 24. Bf3 Qe3+ 25. Qxe3 dxe3 26. Bxa8 Bxb2 27. Rd1
e2 28. Rd8# 1-0

[Event "PRO League Group Stage"]
[Site "chess.com INT"]
[Date "2018.02.03"]
[Round "4"]
[White "Ravuri, Vinesh"]
[Black "Bora, Safal"]
[Result "1-0"]
[BlackTitle "IM"]
[WhiteElo "1990"]
[BlackElo "2370"]
[WhiteTeam "San Jose Hackers"]
[BlackTeam "Pittsburgh Pawngrabbers"]
[WhiteFideId "45042632"]
[BlackFideId "2066149"]
[EventDate "2018.01.18"]

1. d4 Nf6 2. c4 g6 3. Nc3 d5 4. Bg5 Bg7 5. Bxf6 Bxf6 6. cxd5 c6 7. e4 O-O 8. e5
Bg7 9. Bc4 b5 10. Bb3 b4 11. Nce2 cxd5 12. h4 h6 13. Nf4 e6 14. Nf3 Nc6 15. Bc2
Ba6 16. Bd3 Qb6 17. Bxa6 Qxa6 18. Qd3 Qb6 19. O-O Rfc8 20. Rfc1 Na5 21. b3 Qb7
22. Qd2 Bf8 23. Nd3 Qb6 24. Nc5 Nc6 25. Nd7 Qd8 26. Nf6+ Kh8 27. Qf4 Bg7 28. Ng4
Qf8 29. Qd2 a5 30. g3 Na7 31. Kg2 h5 32. Nf6 Nb5 33. Qf4 Rc3 34. Rh1 Ra7 35. g4
Bxf6 36. exf6 Nd6 37. Ng5 Rac7 38. Rag1 Rc2 39. gxh5 gxh5 40. Kh3 Nf5 41. Nf3
R2c3 42. Rg5 Qh6 43. Rhg1 Rc8 44. Kh2 Qh7 45. Ne5 Rc2 46. Rg7 Nxg7 47. fxg7+
Qxg7 48. Rxg7 Kxg7 49. Qxf7+ Kh8 50. Ng6# 1-0

[Event "PRO League Group Stage"]
[Site "chess.com INT"]
[Date "2018.02.03"]
[Round "4"]
[White "Ravuri, Vinesh"]
[Black "Thavandiran, Shiyam"]
[Result "0-1"]
[BlackTitle "IM"]
[WhiteElo "1990"]
[BlackElo "2399"]
[WhiteTeam "San Jose Hackers"]
[BlackTeam "Montreal Chessbrahs"]
[WhiteFideId "45042632"]
[BlackFideId "2605058"]
[EventDate "2018.01.18"]

1. d4 Nf6 2. c4 c5 3. d5 e6 4. Nc3 exd5 5. cxd5 d6 6. g3 g6 7. Bg2 Bg7 8. Nf3
O-O 9. O-O a6 10. a4 Re8 11. Bf4 Ne4 12. Nxe4 Rxe4 13. Nd2 Rb4 14. b3 Rxf4 15.
gxf4 Bxa1 16. Qxa1 Nd7 17. Nc4 Nf6 18. a5 Nh5 19. e3 Bf5 20. Nd2 Rb8 21. Re1 Bd7
22. Qc3 f5 23. Nf3 b5 24. axb6 Qxb6 25. Nd2 Qd8 26. Ra1 Bb5 27. Nc4 Bxc4 28.
bxc4 Rb6 29. Qa5 Nf6 30. Bf1 Qb8 31. Bd3 Kg7 32. h3 Qb7 33. Bc2 Rb2 34. Qc3 Qb4
35. Qxb4 cxb4 36. Bd3 Rd2 37. Bf1 Ne4 38. Rxa6 b3 39. Rb6 b2 40. c5 dxc5 41. d6
Nc3 0-1

[Event "PRO League Group Stage"]
[Site "chess.com INT"]
[Date "2018.02.03"]
[Round "4"]
[White "Liang, Awonder"]
[Black "Dominguez Perez, Leinier"]
[Result "1-0"]
[WhiteTitle "GM"]
[BlackTitle "GM"]
[WhiteElo "2572"]
[BlackElo "2739"]
[WhiteTeam "Pittsburgh Pawngrabbers"]
[BlackTeam "Las Vegas Desert Rats"]
[WhiteFideId "2056437"]
[BlackFideId "3503240"]
[EventDate "2018.01.18"]

1. e4 e5 2. Nf3 Nc6 3. Bb5 Nf6 4. Nc3 Nd4 5. O-O Nxb5 6. Nxb5 c6 7. Nc3 d6 8. d4
Qc7 9. Bg5 Be7 10. h3 O-O 11. Qd3 b5 12. a3 a5 13. Bxf6 Bxf6 14. d5 Bd7 15. dxc6
Bxc6 16. Rfd1 b4 17. axb4 axb4 18. Rxa8 Rxa8 19. Nd5 Bxd5 20. Qxd5 Rc8 21. Rd2
h6 22. h4 Qc4 23. Qb7 Rc6 24. b3 Qc5 25. Qb8+ Kh7 26. g3 Qb6 27. Qxb6 Rxb6 28.
Ne1 h5 29. Nd3 g5 30. hxg5 Bxg5 31. Rd1 Kg6 32. Nb2 Ra6 33. Nc4 Be7 34. Rd5 f5
35. exf5+ Kxf5 36. Rb5 Bg5 37. Rxb4 d5 38. Nb6 d4 39. Nd7 Ra1+ 40. Kg2 Ke6 41.
Nc5+ Kf5 42. Rb5 Ra2 43. Nd3 Bf6 44. Rc5 Ke4 45. b4 Rxc2 46. Rxc2 Kxd3 47. Rc6
Bd8 48. Kf1 Ke4 49. b5 Kd5 50. f3 Ba5 51. Ke2 e4 52. fxe4+ Kxe4 53. b6 1-0

[Event "PRO League Group Stage"]
[Site "chess.com INT"]
[Date "2018.02.03"]
[Round "4"]
[White "Liang, Awonder"]
[Black "Xiong, Jeffery"]
[Result "0-1"]
[WhiteTitle "GM"]
[BlackTitle "GM"]
[WhiteElo "2572"]
[BlackElo "2634"]
[WhiteTeam "Pittsburgh Pawngrabbers"]
[BlackTeam "Dallas Destiny"]
[WhiteFideId "2056437"]
[BlackFideId "2047640"]
[EventDate "2018.01.18"]

1. e4 c5 2. Nf3 d6 3. Bb5+ Nd7 4. a4 a6 5. Be2 Ngf6 6. Nc3 b6 7. d4 cxd4 8. Nxd4
Bb7 9. O-O g6 10. f3 Bg7 11. Be3 O-O 12. Qd2 Qc7 13. Nb3 Rac8 14. Bh6 Bxh6 15.
Qxh6 Nc5 16. Nd4 Rfd8 17. Qg5 Ncd7 18. Kh1 Qc5 19. Qd2 Qb4 20. Rfd1 Qxb2 21. Nd5
Nxd5 22. exd5 Qc3 23. Qg5 Nf6 24. Rab1 Bxd5 25. Bxa6 Rc5 26. Rd3 Qa5 27. Nf5 Ba2
28. Qe3 Rxf5 0-1